000 01019nam a2200265 i 4500
003 DO-SdBNP
005 20241111084231.0
007 ta
008 230711b2013 dr ||||| |||| 00| 0 spa d
040 _aDO-SdBNP
_bspa
_cBNPHU
_erda
082 4 _222
100 1 _aVásquez Frías, Pastor,
_d1967-
_978240
_eautor
_4aut.
245 1 0 _a¡Éxodo! :
_bun siglo de migración haitiana hacia República Dominicana /
_cPastor Vásquez Frías ; revisión, Bienvenido Scharboy ; corrección, Luis Eduardo Vásquez Frías
264 4 _aSanto Domingo :
_bSantuario,
_c2013.
300 _a464 páginas :
_bilustraciones ;
_c23 cm.
336 _atexto
_btxt
_2rdacontent
337 _asin mediación
_bn
_2rdamedia
338 _avolumen
_bnc
_2rdacarrier
500 _aIncluye datos biográficos del autor en las solapas
590 _aInventariado, 2023/BT
700 1 _aScharboy, Bienvenido,
_erevisión
_4rev.
_983745
700 1 _aVásquez Frías, Luis Eduardo,
_ecorrección
_4corr.
_983746
910 _aBtavárez
942 _2ddc
_cLBS1
999 _c54152
_d54152